000 00728nam a2200253Ia 4500
003 OSt
005 20220925230024.0
006 a|||||r|||| 00| 0
007 ta
008 220923b |||||||| |||| 00| 0 eng d
020 _a1861522169
037 _cGeneral Book
040 _aRTL
_cRTL
_beng
041 _2eng
_aeng
082 _aX:54, N9
100 _aTung Rosalie L
_9248094
245 0 _aIEBM handbook of international business
260 _aLondon
_bThomson Business Press
_c1999
300 _axvii, 893p
_ccm.
490 _aInternational Encyclopedia of Business and Management Series
650 _aForeign Trade
942 _hX:54, N9
_cGB
_2CC
999 _c584605
_d584605